Statistics for Country Shapes in the Map of Asia #3

Click here to take the quiz!

General Stats

  • This quiz has been taken 1,147 times
  • The average score is 10 of 10

Answers on the Map

Answers color-coded by a green-red scale on the quiz's map according to % correct below.
Loading ...
 

Answer Stats

Country % Correct
North Korea
99%
Iran
98%
Oman
98%
Pakistan
98%
Laos
97%
Syria
97%
Taiwan
97%
Myanmar
96%
Georgia
95%
Kyrgyzstan
91%

Score Distribution

Percentile by Number Answered

Percent of People with Each Score

Your Score History

You have not taken this quiz